<?xml version="1.0" encoding="UTF-8"?>
<record
    xmlns:xsi="http://www.w3.org/2001/XMLSchema-instance"
    xsi:schemaLocation="http://www.loc.gov/MARC21/slim http://www.loc.gov/standards/marcxml/schema/MARC21slim.xsd"
    xmlns="http://www.loc.gov/MARC21/slim">

  <leader>00264nam a2200097Ia 4500</leader>
  <controlfield tag="001">1229440</controlfield>
  <controlfield tag="005">20250827093101.0</controlfield>
  <controlfield tag="008">250824s9999    xx            000 0 und d</controlfield>
  <datafield tag="245" ind1=" " ind2="0">
    <subfield code="a">AL&#x130; GEL VE MACERALARI         </subfield>
    <subfield code="c">&#xD6;ZKAN &#xD6;ZE      </subfield>
  </datafield>
  <datafield tag="260" ind1=" " ind2=" ">
    <subfield code="b">BEYAN YAYINLARI    </subfield>
  </datafield>
  <datafield tag="999" ind1=" " ind2=" ">
    <subfield code="c">1229440</subfield>
    <subfield code="d">1229440</subfield>
  </datafield>
  <datafield tag="952" ind1=" " ind2=" ">
    <subfield code="0">0</subfield>
    <subfield code="1">0</subfield>
    <subfield code="4">0</subfield>
    <subfield code="7">0</subfield>
    <subfield code="a">1102</subfield>
    <subfield code="b">1102</subfield>
    <subfield code="d">2025-08-24</subfield>
    <subfield code="l">4</subfield>
    <subfield code="p">11026182</subfield>
    <subfield code="r">2026-03-11 09:38:37</subfield>
    <subfield code="s">2026-02-11</subfield>
    <subfield code="w">2025-08-27</subfield>
    <subfield code="y">BK</subfield>
  </datafield>
</record>
